Normal view
MARC view
- Harris, Paul, 1971-;
Entry Personal Name
001 - CONTROL NUMBER
- control field: 1527
003 - CONTROL NUMBER IDENTIFIER
- control field: OSt
005 - DATE AND TIME OF LATEST TRANSACTION
- control field: 20200317113304.0
008 - FIXED-LENGTH DATA ELEMENTS
- fixed length control field: 200317|| aca||aabn | a|a d
040 ## - CATALOGING SOURCE
- Original cataloging agency: OSt
- Transcribing agency: OSt
100 ## - HEADING--PERSONAL NAME
- Personal name: Harris, Paul, 1971-;
670 ## - SOURCE DATA FOUND
- Source citation: Work cat.: (OSt): Ambrose, Gavin. 1526, The Fundamentals of Graphic Design /, c2009.